000 00683nam a2200229Ia 4500
003 GCL
008 140319s9999 xx 000 0 ara d
040 _aGCL /
_cGCL
082 0 4 _a370
_bع ا
100 1 _aعبدالغنى العبود
245 1 0 _aادارة التربية وتطبيقاتها المعاصرة /
_cعبدالغنى العبود
260 _a[S.N] :
_bدار الفكر العربى
300 _a367 ص
490 _a
650 0 4 _aتاريخ
650 0 4 _aطرق التدريس
650 0 4 _aالتعليم
650 0 4 _aالتربية
650 0 4 _aالتخطيط التربوى
650 0 4 _aالادارة التعليمية
942 _2ddc
_cBK
999 _c28060
_d28060